City in Italy by picture - Statistics

General Stats
  • This quiz has been taken 60 times
  • The average score is 9 of 15
Answer Stats
Picture Answer % Correct
Florence
91%
Naples
89%
Rome
82%
Venice
75%
Turin
73%
Verona
73%
Bologna
64%
Palermo
58%
Catania
56%
Genoa
56%
Sanremo
42%
Pisa
38%
Bari
25%
L'Aquila
25%
Trieste
20%
No matching quizzes found
Score Distribution
Percent of People with Each Score
Percentile by Number Answered
Your Score History
You have not taken this quiz